| 000 | 00852nam a22002415i 4500 | ||
|---|---|---|---|
| 001 | 176527 | ||
| 003 | ES-MaACL | ||
| 005 | 20230906220116.0 | ||
| 008 | 110120s1941 sp a |||| | spa d | ||
| 080 | _a821.134.2-23"19" | ||
| 100 | 1 |
_aRamos Martín, José. _995332 |
|
| 245 | 1 | 1 |
_a¿Quién?... _b: melodrama en dos partes divididas en nueve capítulos y un epílogo / _cJosé Ramos Martín. |
| 260 |
_aMadrid : _b[s. n., _c1941?] |
||
| 300 |
_a78 p. ; _c17 cm. |
||
| 490 | 1 |
_aBiblioteca teatral ; _v5 |
|
| 500 | _aAnteportada ilustrada. | ||
| 500 | _aEn port. : Estrenado en el Teatro Cómico, de Madrid, la noche del 8 de enero de 1941. | ||
| 500 | _aEncuadernado con otros títulos. | ||
| 597 | _aEn el lomo: 2-15. | ||
| 830 | 0 |
_aBiblioteca teatral ; _v5 _9190120 |
|
| 852 |
_aES-MaACL _jE-14121 (5) _xOlim P-302 |
||
| 999 |
_c176527 _d176527 |
||